000 01155nam a22002297a 4500
005 2011052506566.0
008 110525t xxu||||| |||| 00| 0 mar d
010 _aMAR-20884
020 _c150.00
035 _aMR-13542
037 _bDBAD / PUB
040 _aDPL
_bMR
082 _a921
100 _aशेवडे,सच्चिदानन्द सुरेश
_928233
245 _a...आणि सावरकर /
_cसच्चिदानन्द सुरेश शेवडे
246 _a...Ani Savarkar
_bby Sacchidanand Suresh Shevde
260 _aबोरिवली
_bनवचैतन्य प्रकाशन
_c2011
270 _aन्यू गजांत को-ऑप.हौ.सो.लि.,सी/11,तळमजला,कोसाम्गो नगर,फ्लाय ओव्हर जवळ,एस.व्ही रोड
_bबोरिवली
300 _a159पृ.
_c21 सेमी (अजिल्द)
942 _2ddc
_cMR
_h921
_mशेवडे
999 _c52589
_d52589